000 00348nam a2200121Ia 4500
008 220615s9999||||xx |||||||||||||| ||und||
245 0 _aManagement of Gastric Cancer
546 _aEnglish[eng]
650 _aOncology
700 _aIsmaili, Nabil
856 _uhttps://mts.intechopen.com/storage/books/426/authors_book/authors_book.pdf
942 _cEB
999 _c10330
_d10330